| 000 | 00807nam a2200205Ia 4500 | ||
|---|---|---|---|
| 001 | Z_4906 | ||
| 008 | 220601s9999 xx 000 0 und d | ||
| 090 | _aTesis O 1748 | ||
| 100 |
_aOrganista Cervantes, Yesenia _983529 |
||
| 245 | _aFluctuación de la población de Haematobia irritans en un hato de bovinos de carne en Tuxpan, Veracruz / por Yesenia Organista Cervantes | ||
| 260 | _aChapingo, Méx. : El autor | ||
| 300 | _a48 h. | ||
| 502 | _aTesis (Ing. Agr. Esp. en Zootecnia) -- UACH. Departamento de Zootecnia | ||
| 650 |
_a1. Haematobia irritans 2. Ganado vacuno - Veracruz 3. Ganado vacuno - Plagas4. Ganado de carne - VeracruzÌ _9181773 |
||
| 901 | _aTESIS O 1748 | ||
| 902 | _aM | ||
| 905 | _a0000002003 0000000000 00 | ||
| 942 | _c2 | ||
| 999 |
_c216944 _d216944 |
||